| 000 | 00471nam a2200133Ia 4500 | ||
|---|---|---|---|
| 008 | 171212s9999 xx 000 0 und d | ||
| 020 | _a9781781383766 | ||
| 100 | _aSchmeink, Lars | ||
| 245 |
_cSchmeink, Lars _aBiopunk Dystopias _bGenetic Engineering, Society and Science Fiction |
||
| 260 |
_bLiverpool University Press _c2016 |
||
| 440 | _aLiverpool Science Fiction Texts and Studies | ||
| 650 | _aLanguage & Literature | ||
| 856 | _uhttp://jstor.org/stable/j.ctt1ps33cv | ||
| 999 |
_c351490 _d351490 |
||